Into A Crowded Aloneness / (Record no. 196828)

MARC details
000 -LEADER
fixed length control field 00554nam a22001817a 4500
005 - DATE AND TIME OF LATEST TRANSACTION
control field 20230801114737.0
010 ## - LCCN (DPL NO)
LC control number ENG-137596
020 ## - INTERNATIONAL STANDARD BOOK NUMBER
Terms of availability 100.00
035 ## - SYSTEM CONTROL NUMBER
System control number EN-121128
037 ## - SOURCE OF ACQUISITION
Source of stock number/acquisition J.V. Publications
082 ## - DEWEY DECIMAL CLASSIFICATION NUMBER
Classification number 821
100 ## - MAIN ENTRY--PERSONAL NAME
Personal name Chandramouli,Raamaa
245 ## - TITLE STATEMENT
Title Into A Crowded Aloneness /
Statement of responsibility, etc by Raamaa Chandramouli
260 ## - PUBLICATION, DISTRIBUTION, ETC. (IMPRINT)
Place of publication, distribution, etc Hyderabad
Name of publisher, distributor, etc J.V. Publications
Date of publication, distribution, etc 2016
270 ## - ADDRESS
Address Flat No.103, Jaya Apartments, 3-6-18, Himayatnagar, Hyderabad
City Hyderabad
Postal code 500029
300 ## - PHYSICAL DESCRIPTION
Extent 85p.
Other physical details 21cm(pbk)
942 ## - ADDED ENTRY ELEMENTS (KOHA)
Source of classification or shelving scheme Dewey Decimal Classification
Item type English Books
Call number suffix CHA
Classification part 821
Holdings
Withdrawn status Lost status Not for loan Collection code Home library Current library Date acquired Source of acquisition Cost, normal purchase price Full call number Barcode Copy number Cost, replacement price Koha item type
      Non-fiction D.B.Act.Division Mobile Library 01/08/2023 DBAD/PUB 100.00 821 CHA EN-121128 1 100.00 English Books

© Delhi Public Library
Hit Counter
free hit counter